TV Siblings Sorting Quiz Stats

 Plays Quiz Updated May 5, 2017

Support Sporcle.
Go Orange.
Score 0/47 Timer 07:00
2 Plays Today
% Correct
Bart
99%
Lisa
97%
Maggie
96.1%
Ross
91.5%
Monica
91.1%
Wednesday
88.7%
Stewie
88.2%
Marcia
87.7%
Malcolm
87.5%
Cindy
87.5%
Bobby
86.7%
Jan
84.4%
Greg
84.1%
Pugsley
82.1%
Peter
80.4%
Theo
78.4%
Meg
78.1%
Rudy
77.7%
D.J.
77.4%
Michelle
76.2%
Stephanie
75.9%
Vanessa
74.2%
Denise
70.3%
Chris
70%
% Correct
Kelly
68.2%
Bud
68%
Kyle
67.2%
Sondra
64.6%
Dewey
64.2%
Reese
58.3%
Francis
56.8%
Michael
56.5%
Buster
52.9%
G.O.B.
48.9%
Meadow
47.2%
Walter
46.9%
Lindsay
46.2%
A.J.
45.6%
Ike
43.6%
Annyong
39.4%
River
32.9%
Claire
32.9%
Jamie
31.8%
Nate
31.7%
Holly
31%
David
30.6%
Simon
23.2%

From the Vault

Missing 'M' Acronyms

by MrChewypoo

Something about this quiz is Mmmmissing.
Remove Ads.
Support Sporcle.
Get the best of Sporcle when you Go Orange. This ad-free experience offers more features, more stats, and more fun while also helping to support Sporcle. Thank you for becoming a member.

Show Comments

Extras

Top Quizzes Today


Score Distribution

Your Account Isn't Verified!

In order to create a playlist on Sporcle, you need to verify the email address you used during registration. Go to your Sporcle Settings to finish the process.

Report this User

Report this user for behavior that violates our Community Guidelines.

Details: